Propuesta de modificación a metodologías de evaluación de proyectos de riego

সংরক্ষণ করুন:
গ্রন্থ-পঞ্জীর বিবরন
সংস্থা লেখক: Gobierno de Chile (Author), Comisión Nacional de Riego (Author)
বিন্যাস: গ্রন্থ
ভাষা:স্প্যানিশ
প্রকাশিত: Santiago Comisión Nacional de Riego 2004
সংস্করন:1a. ed
বিষয়গুলি:
ট্যাগগুলো: ট্যাগ যুক্ত করুন
কোনো ট্যাগ নেই, প্রথমজন হিসাবে ট্যাগ করুন!

MARC

LEADER 00000nam a2200000 a 4500
001 UCI0198
003 CL-VaPUC
008 070427e20040800CL |||||||||||||||||spa|d
082 0 4 |a 631.587  |b GOB  |2 21 
110 2 |a Gobierno de Chile  |e author  |9 520291 
710 2 |a Comisión Nacional de Riego  |e author  |9 520292 
245 1 0 |a Propuesta de modificación a metodologías de evaluación de proyectos de riego 
250 |a 1a. ed 
300 |a 4 v 
942 |c BK 
945 |d 20070427 00:00:00  |a jtorresc 
260 |a Santiago  |b Comisión Nacional de Riego  |c 2004 
500 |a v.1: Informe Final 
500 |a v.2: Anexos 
500 |a v.3: Resumen y Conclusiones 
500 |a v.4: Resumen Ejecutivo 
650 0 |a Metodologías de evaluación   |9 520293 
650 7 |a PROYECTOS DE RIEGO  |2 CL-VaPUC  |9 520294 
650 0 |a Riego  |9 259685 
650 7 |a TECNICAS DE RIEGO  |2 CL-VaPUC  |9 380197 
650 7 |a RIEGO AGRICOLA  |2 CL-VaPUC  |9 395971 
650 0 |a Irrigación  |9 392213 
650 0 |a Sistemas de riego  |9 362150 
650 7 |a RIEGO - METODOS DE APLICACION  |2 CL-VaPUC  |9 520295 
583 |a last modification  |c 20130304 04:05:09  |k Rodrigo Vera 
999 |c 325435  |d 325433